Footballeurs en H - Statistiques

Statistiques générales
  • Ce quiz a été pris 140 fois
  • Le résultat moyen est 14 sur 20
Statistiques - réponses
Par images Réponse % Correct
Haaland
100%
Hakimi
100%
Hazard
98%
Henry
98%
Hernandez
94%
Higuain
91%
Hulk
91%
Hamsik
83%
Haller
76%
Herrera
76%
Hart
74%
Harit
73%
Hamouma
64%
Hojlund
62%
Hilton
58%
Hoarau
57%
Huntelaar
46%
Heinze
31%
Hwang
31%
Huard
5%
Aucun quiz correspondant
Distribution des résultats
% des personnes avec chaque résultat
Percentile par nombre de réponses
Votre historique - résultats
Vous n’avez pas pris ce quiz